000 01063cad a22002655a 4500
001 L156485
008 120528e20120217xxkd f s 000 0 eng d
035 _a(Sirsi) u156485
041 0 _aeng
110 2 _aRoyal Institution of Chartered Surveyors
_bEconomics
_95033
245 0 0 _aRICS global real estate weekly
_b18 May 2012
_h[electronic resource]
260 _aLondon
_bRICS
_c2012
490 0 _aRICS Global Real Estate Weekly
_v18 May 2012
520 _aNegative outlook for Spanish housing market. Brazilian economy continues to cool whilst property sector is buoyant. Weak outlook for commercial property in Singapore. Downbeat data weighing on housing market in UK.
590 _aKA
650 2 4 _aRICS GLOBAL REAL ESTATE WEEKLY
651 4 _aSpain
651 4 _aBrazil
651 4 _aSingapore
651 4 _aUnited Kingdom
690 _aCommercial property
_96227
690 _aResidential property
_96266
856 4 0 _uhttps://www.rics.org/site/download_feed.aspx?fileID=11960&fileExtension=PDF
_zView the report at www.rics.org
942 _n0
999 _c114271
_d114271